La Solidarité sociale et ses nouvelles formules / (Record no. 59232)
[ view plain ]
| 000 -LEADER | |
|---|---|
| campo de control de longitud fija | 00851nam a2200193 i 4500 |
| 001 - NÚMERO DE CONTROL | |
| campo de control | 59232 |
| 003 - IDENTIFICADOR DE NÚMERO DE CONTROL | |
| campo de control | ES-MaACL |
| 005 - FECHA Y HORA DE LA ÚLTIMA TRANSACCIÓN | |
| campo de control | 20230906164006.0 |
| 007 - CAMPO FIJO DE DESCRIPCIÓN FÍSICA--INFORMACIÓN GENERAL | |
| campo de control de longitud fija | t| |
| 008 - DATOS DE LONGITUD FIJA--INFORMACIÓN GENERAL | |
| campo de control de longitud fija | 031028s1903 fr ||||1| fre d |
| 100 1# - ENTRADA PRINCIPAL--NOMBRE DE PERSONA | |
| Nombre de persona | Eichthal, Eugène d'. |
| 9 (RLIN) | 46815 |
| 245 13 - MENCIÓN DEL TÍTULO | |
| Título | La Solidarité sociale et ses nouvelles formules / |
| Mención de responsabilidad, etc. | par M. Eugène d'Eichthal. La Solidarité sociale comme principe des lois / par M. Charles Brunot. Observations par MM. Frédéric Passy, Paul Leroy-Beaulieu, Levasseur, Albert Sorel, Juglar, Boutroux, Cheysson, Eugène Rostand, de Tarde, Glasson et René Stourm,... |
| 260 ## - PUBLICACIÓN, DISTRIBUCIÓN, ETC. | |
| Lugar de publicación, distribución, etc. | París : |
| Nombre del editor, distribuidor, etc. | [s.n., |
| Fecha de publicación, distribución, etc. | 1903] |
| 300 ## - DESCRIPCIÓN FÍSICA | |
| Extensión | 198 p. ; |
| Dimensiones | 19 cm. |
| 700 1# - ENTRADA AGREGADA--NOMBRE PERSONAL | |
| Nombre de persona | Brunot, Charles ( |
| Fechas asociadas al nombre | 1856-1931) |
| 9 (RLIN) | 149319 |
| 700 0# - ENTRADA AGREGADA--NOMBRE PERSONAL | |
| Nombre de persona | Passy, Frédéric. |
| 9 (RLIN) | 89461 |
| 710 2# - ENTRADA AGREGADA--NOMBRE DE ENTIDAD CORPORATIVA | |
| Nombre de entidad corporativa o nombre de jurisdicción como elemento de entrada | Ligue Internationale et Permanente de la Paix. |
| 9 (RLIN) | 155478 |
| 852 ## - LOCALIZACIÓN | |
| Ubicación | ES-MaACL |
| Número de control de estantería | 1498-F-10 |
| Estatus retirado | Estado de pérdida | Estado de daño | No para préstamo | Colección | Biblioteca de origen | Biblioteca actual | Ubicación en estantería | Fecha de adquisición | Fuente de adquisición | Total de préstamos | Signatura topográfica completa | Código de barras | Visto por última vez | Precio de reemplazo | Tipo de ítem Koha |
|---|---|---|---|---|---|---|---|---|---|---|---|---|---|---|---|
| Colección de folletos | Biblioteca del Ateneo de Madrid | Biblioteca del Ateneo de Madrid | Depósito folletos | 17/01/2008 | 1498-F-10 | 1062133 | 23/02/2023 | 23/02/2023 | Folleto |
